| 000 | 00487nam a22001697a 4500 | ||
|---|---|---|---|
| 999 |
_c3515 _d3515 |
||
| 003 | URS | ||
| 005 | 20220114142532.0 | ||
| 008 | 190315s2006 ph a|||| |||| 00| 0 eng d | ||
| 020 | _a9789715425148 | ||
| 040 |
_beng _cURS _drda |
||
| 050 | 1 | 4 |
_aGR 325 _b.L8642 2006 |
| 100 | _aLopez, Mellie Leandicho | ||
| 245 | 1 | 2 |
_aA handbook of philippine folklore _cMellie Leandicho Lopez |
| 260 |
_aQuezon City: _bThe University of UP Diliman, _c[2006] |
||
| 300 |
_a481 pages _c23 cm |
||
| 942 |
_2lcc _cREF |
||